[Event "Abu Dhabi op 13th"]
[Site "Abu Dhabi"]
[Date "2003.08.25"]
[Round "9"]
[White "Al Tamimi, Hamad"]
[Black "Knisch, Gabor"]
[Result "0-1"]
[WhiteElo "2193"]
[BlackElo "2099"]
[PlyCount "86"]
[EventDate "2003.08.16"]
[EventType "swiss"]
[EventRounds "9"]
[EventCountry "UAE"]
[SourceTitle "CBM 097"]
[Source "ChessBase"]
[SourceDate "2003.11.11"]
[SourceVersion "1"]
[SourceVersionDate "2003.11.11"]
[SourceQuality "1"]

1. e4 e5 2. Nf3 Nc6 3. Nc3 Nf6 4. Bb5 d6 5. d4 exd4 6. Qxd4 Bd7 7. Bxc6 Bxc6 8. Bg5 Be7 9. 0-0-0 0-0 10. Rhe1 Nd7 11. h4 f6 12. Bf4 Qc8 13. Qd2 Ne5 14. Nd4 Bd7 15. Nd5 Re8 16. Ne3 Bf8 17. f3 Kh8 18. h5 a5 19. Ndf5 Be6 20. Kb1 a4 21. Qf2 a3 22. b3 Qd7 23. Bxe5 fxe5 24. g4 Qc6 25. Rd2 Be7 26. Nxe7 Rxe7 27. Rd3 Rf7 28. Nf5 Raf8 29. Qh4 Re8 30. Red1 b5 31. Qg5 Bxf5 32. gxf5 h6 33. Qd2 Ra8 34. Qe3 b4 35. R3d2 Rf6 36. Rg2 Raf8 37. Rd5 Rxf5 38. Rg3 Rxh5 39. Rd1 Rh2 40. Rc1 Qc3 41. Qxc3 bxc3 42. Rf1 Rf4 43. Kc1 g5 0-1

[Event "Abu Dhabi op 13th"]
[Site "Abu Dhabi"]
[Date "2003.08.19"]
[Round "4"]
[White "Mashinskaya, Iulia"]
[Black "Knisch, Gabor"]
[Result "1-0"]
[WhiteElo "2183"]
[BlackElo "2099"]
[PlyCount "75"]
[EventDate "2003.08.16"]
[EventType "swiss"]
[EventRounds "9"]
[EventCountry "UAE"]
[SourceTitle "CBM 097"]
[Source "ChessBase"]
[SourceDate "2003.11.11"]
[SourceVersion "1"]
[SourceVersionDate "2003.11.11"]
[SourceQuality "1"]

1. d4 Nf6 2. Nc3 d5 3. Bg5 Bf5 4. Bxf6 exf6 5. e3 c6 6. Bd3 Be6 7. Qf3 Bd6 8. Nge2 Qc8 9. e4 dxe4 10. Nxe4 Be7 11. 0-0 Nd7 12. c4 g5 13. N2g3 Qc7 14. Nf5 Bxf5 15. Qxf5 0-0-0 16. Rfe1 Rhe8 17. g3 h5 18. c5 Kb8 19. Bc4 h4 20. Bxf7 Rf8 21. Bb3 hxg3 22. Nxg3 Rde8 23. Be6 Rd8 24. Re3 Rh8 25. Rae1 Nf8 26. Bb3 Rd7 27. Re4 Bd8 28. Re8 Rdh7 29. Qxf6 Nd7 30. Qxh8 Rxh8 31. Rxh8 b5 32. Ree8 Kb7 33. Rxd8 Nf6 34. Rdf8 Nd5 35. Bxd5 cxd5 36. b4 Qe7 37. Rb8+ Kc7 38. Rhc8+ 1-0

[Event "Budapest FS04 schev"]
[Site "Budapest"]
[Date "1999.??.??"]
[Round "?"]
[White "Castelluzzo, Salvatore"]
[Black "Knisch, Gabor"]
[Result "1/2-1/2"]
[WhiteElo "2075"]
[BlackElo "2100"]
[PlyCount "85"]
[EventDate "1999.04.??"]
[EventType "schev"]
[EventRounds "9"]
[EventCountry "HUN"]
[SourceTitle "EXT 2004"]
[Source "ChessBase"]
[SourceDate "2003.11.25"]
[SourceVersion "1"]
[SourceVersionDate "2003.11.25"]
[SourceQuality "1"]

1. d4 Nf6 2. Nf3 Ne4 3. c3 d5 4. Nbd2 Nc6 5. Qa4 e6 6. Nxe4 dxe4 7. Ne5 Bd7 8. Nxd7 Qxd7 9. Bf4 Bd6 10. Bxd6 Qxd6 11. e3 0-0 12. Be2 a6 13. Qc2 f5 14. 0-0 Kh8 15. f4 Rf6 16. Kh1 Rg8 17. c4 h6 18. a3 g5 19. g3 Kh7 20. b4 Rfg6 21. Rg1 gxf4 22. gxf4 Qd8 23. Rxg6 Rxg6 24. Bh5 Rg7 25. Qf2 Qf6 26. Rg1 Ne7 27. Rxg7+ Qxg7 28. Qg3 Qf6 29. Kg2 Nc8 30. Kf2 Nb6 31. Be2 Qe7 32. h4 Qe8 33. h5 Nd7 34. Qh4 Qf8 35. Qg3 Qf7 36. Qh4 Nf6 37. Kg1 Qg7+ 38. Kf2 Qe7 39. Qg3 Qf7 40. Qh4 c6 41. a4 Qe7 42. Qg3 Qf7 43. Qh4 1/2-1/2